A közoktatás megújításának koncepcionális kérdései

Ez az írás az Oktatási Kerekasztal számára készült vitaanyag. Mivel közoktatási rendszerünk jövőjéről van szó, a koncepcionális jelentőségű kérdések megismerése és megfontolása szélesebb nyilvánosságot érdemel. A közoktatás alapfunkciója a 0–18 éves felnövekvő generációk fejlődésének segítése, hogy...

Teljes leírás

Elmentve itt :
Bibliográfiai részletek
Szerző: Nagy József
Dokumentumtípus: Cikk
Megjelent: 2008
Sorozat:Iskolakultúra 18 No. 3-4
Online Access:http://misc.bibl.u-szeged.hu/42613
LEADER 01311nab a2200181 i 4500
001 misc42613
005 20191106140635.0
008 180706s2008 hu o 0|| zxx d
022 |a 1215-5233 
040 |a SZTE Miscellanea Repozitórium  |b hun 
041 |a zxx 
100 1 |a Nagy József 
245 1 2 |a A közoktatás megújításának koncepcionális kérdései  |h [elektronikus dokumentum] /  |c  Nagy József 
260 |c 2008 
300 |a 31-38 
490 0 |a Iskolakultúra  |v 18 No. 3-4 
520 3 |a Ez az írás az Oktatási Kerekasztal számára készült vitaanyag. Mivel közoktatási rendszerünk jövőjéről van szó, a koncepcionális jelentőségű kérdések megismerése és megfontolása szélesebb nyilvánosságot érdemel. A közoktatás alapfunkciója a 0–18 éves felnövekvő generációk fejlődésének segítése, hogy a változásokhoz alkalmazkodva képesek legyenek a társadalom hasznos tagjaként boldogulni. Az elmúlt negyedszázad minden nemzetközi mérése, megbízható hazai felmérése, kutatása azt mutatja, hogy a közoktatás, a szakképzés eredményessége, az esélyegyenlőség érvényesülése nem javult, hanem romlott, ezért az alapfunkció egyre kevésbé teljesül. 
856 4 0 |u http://misc.bibl.u-szeged.hu/42613/1/16_EPA00011_iskolakultura_2008-3-4.pdf  |z Dokumentum-elérés